College Football Team Colors (Orange) - Statistics

General Stats
  • This quiz has been taken 7,040 times
    6,795 since last reset
  • The average score is 11 of 17
Answer Stats
Conference Team % Correct
ACC Clemson
87%
SEC Texas
85%
SEC Tennessee
81%
ACC Syracuse
80%
SEC Florida
75%
PAC-12 Oregon State
73%
BIG TEN Illinois
72%
SEC Auburn
70%
Big 12 Oklahoma State
69%
ACC Miami
68%
ACC Virginia
67%
ACC Virginia Tech
56%
Mountain West Boise State
54%
MAC Bowling Green
43%
C-USA UTEP
32%
The American UTSA
30%
C-USA Sam Houston
28%
No matching quizzes found
Score Distribution
Percent of People with Each Score
Percentile by Number Answered
Your Score History
You have not taken this quiz since the last reset